00592nam a22001937a 450000500170000001000150001702000280003203500140006003700090007408200110008324500850009426000330017927000480021230000220026049000110028250000520029370000250034570000280037020240807143647.0 aENG-141266 a9783030228705c24915.00 aEN-124798 bDBAD a005.43 aIntelligent Computing/cby Editor Kohei Arai ,Rahul Bhatia [and] Supriya kapoor  aSwitzerland bSpringerc2018 aGewerbestrasse 11 ,6330 cham bSwitzerland  a1114P.;c23cm(pb) vVol.1  a(Proceedings of the 2019 Computing Conference ) aRahul BhatiaeEditor aSupriya kapoor eEditor